| 000 | 00735cam a2200229 a 4500 | ||
|---|---|---|---|
| 999 |
_c3381 _d3381 |
||
| 001 | .b14929806 | ||
| 003 | OSt | ||
| 005 | 20231128110634.0 | ||
| 008 | 130802s2007 enk j 000 1 eng d | ||
| 020 | _a9781405229272 (pbk.) | ||
| 040 |
_aPTTCL _beng _cPTTCL _dKH8 |
||
| 042 | _anbic | ||
| 082 | 0 | _a823.914 MOR | |
| 100 | 1 |
_aMorpurgo, Michael. _eauthor |
|
| 245 | 1 | 0 |
_aWaiting for Anya / _cMichael Morpurgo. |
| 260 |
_aLondon : _bEgmont, _c2007. |
||
| 300 |
_a186, [1] p. ; _c20 cm. |
||
| 650 | 0 |
_aWorld War, 1939-1945 _xEvacuation of civilians _zFrance _vJuvenile fiction. |
|
| 650 | 0 |
_aHolocaust, Jewish (1939-1945) _vJuvenile fiction. |
|
| 651 | 0 |
_aFrance _xHistory _yGerman occupation, 1939-1945 _vJuvenile fiction. |
|
| 942 |
_2ddc _cFIC |
||